00831nam a22002297a 4500003000500000005001700005008004100022010000900063011000900072035000900081040000900090100003700099245018100136260004200317300003300359500001100392502007800403650003100481650003000512650003900542650002000581CHAP20220817040859.0971013s1991 r 00010 d a2010 a2982 a2182 cCHAP00aRebolledo Robles, Héctor Hugo. aMetodología para estimar funciones generalizadas de producción con fines de generar recomendacionesb: considerando factores de suelo, clima, manejo y el riesgo climático aMontecillo, Méx. :bEl autor,c1991 aIx, 176 h.b: ilus; gráfs. aD44-40 aTesis (Doctor en Ciencias Esp. en Ciencias) -- CP. Centro de Edafología14aFertilizantes para maíz.14aMaízxEfecto del clima.14aMaízxEfecto del medio ambiente.14aMaízzPuebla.